| 000 | 00980nam a2200289Ia 4500 | ||
|---|---|---|---|
| 005 | 20260324130000.0 | ||
| 008 | 008 260324s9999 xx 000 0 eng d | ||
| 020 | _a9781315221762 | ||
| 037 | _aEBOOK | ||
| 040 | _aCRL | ||
| 040 | _beng | ||
| 040 | _cCRL | ||
| 041 | _2eng | ||
| 041 | _aeng | ||
| 084 | _qCRL | ||
| 100 |
_aSamuel George Carter; Brian J. Thompson; Robert A. Kaindl; Jie Shan; R. Alan Cheville; Jason B. Baxter; Ingrid Wilke; Suranjana Sengupta; Richard Douglas Averitt; Charles A. Shmuttenmaer; John Cerne; Mark S. Sherwin; Edwin J. Heilweil; David F. Plusquellic; Thomas Rades; Phillip F. Taday; Susan L. Dexheimer; J. Axel Zeitler _91180073 |
||
| 245 | 0 | _aTerahertz Spectroscopy | |
| 245 | 0 | _bPrinciples and Applications | |
| 260 | _bTaylor and Francis | ||
| 260 | _c2008 | ||
| 365 | _a | ||
| 365 | _b465 | ||
| 856 | _uhttp://www.taylorfrancis.com/books/9781315221762 | ||
| 942 | _cEBOOK | ||
| 999 |
_c1775800 _d1775800 |
||